Công nghệ chế tạo máy T.2 /
Những phần chính trong sách; Tối ưu hoá quá trình cắt gọt, tiêu chuẩn hoá quá trình công nghệ, công nghệ lắp ráp các sản phẩm cơ khí, công nghệ gia công chi tiết điển hình.
Đã lưu trong:
| 其他作者: | , , , |
|---|---|
| 格式: | 图书 |
| 语言: | Vietnamese |
| 出版: |
Hà Nội :
Khoa học và kỹ thuật,
1998.
|
| 主题: | |
| 标签: |
添加标签
没有标签, 成为第一个标记此记录!
|
| Thư viện lưu trữ: | Mạng thư viện Đại học Đà Nẵng |
|---|
| LEADER | 01332cam a2200409 a 4500 | ||
|---|---|---|---|
| 001 | 000042161 | ||
| 003 | 34 | ||
| 005 | 20060426142442.0 | ||
| 008 | 010305b1998 vm 000 vie | ||
| 020 | |c 23000 | ||
| 022 | |a T | ||
| 040 | |a IRC |c IRC |d IRC | ||
| 041 | 0 | |a vie | |
| 082 | 1 | 4 | |a 621.9 |b Cô-N |
| 245 | 0 | 0 | |a Công nghệ chế tạo máy |n T.2 / |c Nguyễn Trọng Bình, Nguyễn Thế Đạt, Trần Văn Địch,…. |
| 260 | |a Hà Nội : |b Khoa học và kỹ thuật, |c 1998. | ||
| 300 | |a 292 tr. ; |c 26,5 cm. | ||
| 520 | 3 | |a Những phần chính trong sách; Tối ưu hoá quá trình cắt gọt, tiêu chuẩn hoá quá trình công nghệ, công nghệ lắp ráp các sản phẩm cơ khí, công nghệ gia công chi tiết điển hình. | |
| 630 | 0 | 4 | |a Máy. |
| 630 | 0 | 4 | |a Chế tạo. |
| 630 | 0 | 4 | |a Công nghệ. |
| 650 | 0 | 4 | |a Chế tạo máy |x Công nghệ. |
| 650 | 0 | 4 | |a Máy |x Công nghệ chế tạo. |
| 700 | 1 | |a Nguyễn Trọng Bình, |c PTS. | |
| 700 | 1 | |a Nguyễn Thế Đạt, |c PGS.PTS. | |
| 700 | 2 | |a . | |
| 700 | 1 | |a Trần Văn Địch, |c PGS.PTS. | |
| OWN | |a DUT | ||
| 999 | |a From the UDN01 | ||
| TYP | |a Monograph | ||
| TYP | |a Printed language | ||
| 980 | |a Mạng thư viện Đại học Đà Nẵng | ||